[Event "Titled Tuesday intern op 04th Mar Early"]
[Site "Chess.com INT"]
[Date "2025.03.04"]
[Round "1"]
[White "Shemyakinskiy, Nikita"]
[Black "Lesueur, Gabriel"]
[Result "1-0"]
[WhiteElo "2307"]
[BlackElo "2309"]
[PlyCount "59"]
[EventDate "2025.03.04"]
[EventType "swiss (blitz)"]
[EventRounds "11"]
[EventCountry "USA"]
[SourceTitle "CB11_2025"]
[SourceDate "2025.03.12"]
[SourceVersion "1"]
[SourceVersionDate "2025.03.12"]
[SourceQuality "1"]

1. d4 Nf6 2. Nf3 Nc6 3. d5 Nb4 4. Nc3 e6 5. e4 exd5 6. exd5 c6 7. dxc6 dxc6 8. Qxd8+ Kxd8 9. Bd3 Nxd3+ 10. cxd3 Bf5 11. 0-0 Kc7 12. Bf4+ Bd6 13. Bxd6+ Kxd6 14. d4 Rhe8 15. Rfe1 Rxe1+ 16. Rxe1 Re8 17. Ne5 Bg6 18. f3 Re6 19. Kf2 Nd7 20. Nc4+ Ke7 21. Rxe6+ Kxe6 22. Na5 c5 23. d5+ Kd6 24. Nxb7+ Kc7 25. Na5 a6 26. Nc4 f6 27. Ke3 Bf7 28. a4 Ne5 29. Nxe5 fxe5 30. Kd3 1-0

[Event "Titled Tuesday intern op 25th Feb Early"]
[Site "Chess.com INT"]
[Date "2025.02.25"]
[Round "11"]
[White "Lesueur, Gabriel"]
[Black "Skytte, Rasmus"]
[Result "1-0"]
[WhiteElo "2319"]
[BlackElo "2335"]
[PlyCount "85"]
[EventDate "2025.02.25"]
[EventType "swiss (blitz)"]
[EventRounds "11"]
[EventCountry "USA"]
[SourceTitle "CB10_2025"]
[SourceDate "2025.03.05"]
[SourceVersion "1"]
[SourceVersionDate "2025.03.05"]
[SourceQuality "1"]

1. d4 d5 2. Nf3 c5 3. g3 Nf6 4. Bg2 Nc6 5. 0-0 cxd4 6. Nxd4 e5 7. Nxc6 bxc6 8. c4 Be6 9. Bg5 Be7 10. Nc3 e4 11. Qa4 Qd7 12. Rfd1 0-0 13. cxd5 cxd5 14. Qxd7 Bxd7 15. Nxd5 Nxd5 16. Rxd5 Bxg5 17. Rxg5 f5 18. Rd1 Rad8 19. g4 h6 20. Rg6 fxg4 21. Rgd6 Rf7 22. Bxe4 Kf8 23. Bc6 Ke8 24. Rxd7 Rfxd7 25. Kg2 Ke7 26. Rxd7+ Rxd7 27. Bxd7 Kxd7 28. Kg3 h5 29. Kh4 g6 30. Kg5 Kd6 31. Kxg6 h4 32. Kg5 g3 33. fxg3 h3 34. Kh4 Kd5 35. Kxh3 Ke4 36. Kg2 Ke3 37. g4 Kxe2 38. Kg3 Kd2 39. Kf4 Kc2 40. g5 Kxb2 41. g6 Kxa2 42. g7 Kb3 43. g8Q+ 1-0

[Event "Cambrai"]
[Site "Cambrai"]
[Date "2024.07.03"]
[Round "8"]
[White "Boyer, Mahel"]
[Black "Lesueur, Gabriel"]
[Result "1-0"]
[WhiteElo "2455"]
[BlackElo "2240"]
[PlyCount "95"]
[EventDate "2024.06.02"]
[EventType "tourn"]
[EventRounds "9"]
[EventCountry "FRA"]
[EventCategory "4"]
[SourceTitle "CBM 221 Extra"]
[Source "ChessBase"]
[SourceDate "2024.09.30"]
[SourceVersion "1"]
[SourceVersionDate "2024.09.30"]
[SourceQuality "1"]

1. Nf3 Nf6 2. e3 g6 3. d4 Bg7 4. c4 0-0 5. Nc3 d6 6. Be2 Nc6 7. d5 Nb4 8. 0-0 e6 9. e4 Re8 10. h3 exd5 11. exd5 a5 12. Bg5 Bd7 13. Qd2 a4 14. Rae1 a3 15. b3 c6 16. dxc6 Bxc6 17. Nd4 d5 18. cxd5 Bxd5 19. Nxd5 Nbxd5 20. Bf3 Qb6 21. Bxd5 Nxd5 22. Nf5 gxf5 23. Qxd5 h6 24. Bc1 Rxe1 25. Rxe1 Qa5 26. Re8+ Kh7 27. Qxa5 Rxa5 28. Re7 Kg6 29. Rxb7 Bb2 30. Bf4 Rc5 31. b4 Rc2 32. Rc7 Re2 33. Kf1 Re4 34. Bd2 Re6 35. b5 f6 36. Be3 f4 37. Bxf4 Re4 38. Bd2 Re5 39. b6 Rb5 40. b7 Be5 41. Re7 Rb2 42. Be3 Bb8 43. Bd4 Rb4 44. Bc3 Rb1+ 45. Ke2 Rb2+ 46. Kd3 Rxa2 47. Re8 Bd6 48. Bd4 1-0

[Event "Cambrai"]
[Site "Cambrai"]
[Date "2024.07.01"]
[Round "4"]
[White "Lucas, Arthur"]
[Black "Lesueur, Gabriel"]
[Result "1/2-1/2"]
[WhiteElo "2323"]
[BlackElo "2240"]
[PlyCount "183"]
[EventDate "2024.06.02"]
[EventType "tourn"]
[EventRounds "9"]
[EventCountry "FRA"]
[EventCategory "4"]
[SourceTitle "CBM 221 Extra"]
[Source "ChessBase"]
[SourceDate "2024.09.30"]
[SourceVersion "1"]
[SourceVersionDate "2024.09.30"]
[SourceQuality "1"]

1. e4 e6 2. d4 d5 3. Nc3 Bb4 4. Nge2 Nc6 5. a3 Ba5 6. b4 Bb6 7. Bb2 Nge7 8. g3 e5 9. dxe5 Nxe5 10. Nf4 Bg4 11. Be2 Bxe2 12. Qxe2 Nc4 13. 0-0-0 Nxb2 14. Kxb2 d4 15. Ncd5 0-0 16. Qc4 Nxd5 17. Nxd5 c6 18. Nxb6 axb6 19. Qxd4 Qe7 20. Rhe1 c5 21. Qd6 Qe8 22. Qxb6 Qa4 23. Re3 Ra6 24. Qxb7 Ra7 25. Qb6 Ra6 26. Qxc5 Rc6 27. Qd4 Qxc2+ 28. Ka1 Qxf2 29. Qd2 Qf6+ 30. Qb2 Qe6 31. Rc1 Rxc1+ 32. Qxc1 Rc8 33. Rc3 Qf6 34. Kb2 h5 35. Qe3 Rd8 36. e5 Qf5 37. Qf4 Qd7 38. h4 Qd5 39. Qg5 Qd1 40. Rc2 Qd4+ 41. Kb1 Qd3 42. Kb2 Qd4+ 43. Rc3 Qd1 44. Qf5 Qd2+ 45. Qc2 Qe1 46. Rc8 Qxe5+ 47. Qc3 Qe2+ 48. Ka1 Qd1+ 49. Qc1 Qd4+ 50. Ka2 Qd5+ 51. Qc4 Qd2+ 52. Kb3 Qd1+ 53. Kb2 Qd2+ 54. Qc2 Qd4+ 55. Kb1 Rxc8 56. Qxc8+ Kh7 57. Qf5+ Kg8 58. Qc8+ Kh7 59. Qf5+ Kg8 60. Qf3 Qd2 61. b5 Qd4 62. Qb3 Qg1+ 63. Kb2 Qf2+ 64. Kb1 Qe1+ 65. Kb2 Qf2+ 66. Kc3 Qxg3+ 67. Kb4 Qe1+ 68. Kc5 Qe5+ 69. Kc6 Qe8+ 70. Kc7 Qe7+ 71. Kc6 Qe8+ 72. Kb7 Qd7+ 73. Ka6 Qc8+ 74. Ka5 Qa8+ 75. Kb4 Qf8+ 76. Kc4 Qc8+ 77. Kd4 Qd8+ 78. Kc3 Qf6+ 79. Kc2 Qf2+ 80. Kb1 Qe1+ 81. Kb2 Qe5+ 82. Ka2 Qe2+ 83. Qb2 Qc4+ 84. Ka1 Qf1+ 85. Qb1 Qf6+ 86. Ka2 Qe6+ 87. Qb3 Qe2+ 88. Kb1 Qe1+ 89. Kc2 Qe2+ 90. Kc3 Qe3+ 91. Kb4 Qe4+ 92. Ka5 1/2-1/2

[Event "BEL-chT 2324"]
[Site "Belgium"]
[Date "2023.12.03"]
[Round "5.8"]
[White "Van Vliet, Dennis"]
[Black "Lesueur, Gabriel"]
[Result "1/2-1/2"]
[WhiteElo "2045"]
[BlackElo "2177"]
[PlyCount "77"]
[EventDate "2023.09.24"]
[EventType "team-tourn"]
[EventRounds "11"]
[EventCountry "BEL"]
[SourceTitle "EXT 2025"]
[Source "ChessBase"]
[SourceDate "2024.10.14"]
[SourceVersion "1"]
[SourceVersionDate "2024.10.14"]
[SourceQuality "1"]
[WhiteTeam "Wachtebeke"]
[BlackTeam "Tal"]
[WhiteTeamCountry "BEL"]
[BlackTeamCountry "BEL"]

1. d4 Nf6 2. c4 g6 3. Nc3 Bg7 4. e4 d6 5. h3 0-0 6. Be3 Nc6 7. Nf3 e5 8. d5 Nd4 9. Nxd4 exd4 10. Bxd4 Nxe4 11. Bxg7 Re8 12. Be2 Kxg7 13. Qd4+ Qf6 14. Qxf6+ Kxf6 15. Nb5 Re7 16. 0-0 Bd7 17. Nd4 Rae8 18. Bd3 Nc5 19. Bc2 a5 20. b3 h5 21. a3 Ke5 22. Rfd1 g5 23. b4 Na4 24. Bxa4 Bxa4 25. Rd3 Kf6 26. Kh2 Re1 27. Rf3+ Kg6 28. Rxe1 Rxe1 29. Nf5 Re4 30. Ne3 axb4 31. axb4 Bb3 32. g4 h4 33. c5 Rxb4 34. cxd6 cxd6 35. Nf5 Rb5 36. Nxd6 Bxd5 37. Rf5 Ra5 38. Nxb7 Ra7 39. Rxd5 1/2-1/2

[Event "FRA-ch Blitz Online Qual"]
[Site "Europe Echecs INT"]
[Date "2020.05.16"]
[Round "8"]
[White "Dourerassou, Jonathan"]
[Black "Lesueur, Gabriel"]
[Result "1-0"]
[WhiteElo "2477"]
[BlackElo "1906"]
[PlyCount "57"]
[EventDate "2020.05.16"]
[EventType "swiss (blitz)"]
[EventRounds "15"]
[EventCountry "FRA"]
[SourceTitle "CBM 196 Extra"]
[Source "ChessBase"]
[SourceDate "2020.07.31"]
[SourceVersion "1"]
[SourceVersionDate "2020.07.31"]
[SourceQuality "1"]

1. e4 e6 2. Nc3 d5 3. d4 Bb4 4. Nge2 Nf6 5. e5 Nfd7 6. a3 Be7 7. Be3 c5 8. f4 Nc6 9. g3 0-0 10. Bg2 b6 11. 0-0 Ba6 12. Rf2 Rc8 13. f5 Bg5 14. Bxg5 Qxg5 15. dxc5 Ndxe5 16. fxe6 fxe6 17. Nf4 Ng4 18. Rd2 bxc5 19. Qe1 Rce8 20. Nxe6 Qh6 21. Bxd5 Kh8 22. Nxf8 Rxf8 23. Bxc6 Qxc6 24. Qe4 Qc8 25. Re1 Bb7 26. Qe6 Qxe6 27. Rxe6 h6 28. Re7 Bf3 29. Rdd7 1-0

[Event "FRA-ch Blitz Online Qual"]
[Site "Europe Echecs INT"]
[Date "2020.05.16"]
[Round "13"]
[White "Lesueur, Gabriel"]
[Black "Breuil, Virgile"]
[Result "1-0"]
[WhiteElo "1906"]
[BlackElo "1622"]
[PlyCount "85"]
[EventDate "2020.05.16"]
[EventType "swiss (blitz)"]
[EventRounds "15"]
[EventCountry "FRA"]
[SourceTitle "CBM 196 Extra"]
[Source "ChessBase"]
[SourceDate "2020.07.31"]
[SourceVersion "1"]
[SourceVersionDate "2020.07.31"]
[SourceQuality "1"]

1. e4 e5 2. Nf3 Nc6 3. Bb5 Nge7 4. d4 exd4 5. c3 g6 6. Bg5 Bg7 7. cxd4 0-0 8. Nc3 f6 9. Be3 a6 10. Bc4+ Kh8 11. 0-0 f5 12. Ng5 Qe8 13. e5 Na5 14. Bd3 d6 15. f4 b6 16. b4 Nac6 17. a3 dxe5 18. fxe5 h6 19. Nf3 f4 20. Bf2 Be6 21. Be4 Rd8 22. Qe2 Bg4 23. Rad1 Nf5 24. Nd5 Qd7 25. h3 Bxf3 26. Qxf3 Qc8 27. Nxf4 Nfe7 28. Qg3 g5 29. Nh5 Nf5 30. Qc3 Nce7 31. Nxg7 Kxg7 32. d5 Kg8 33. e6 Nd6 34. Bd4 Nxe4 35. Qb2 Nf5 36. Bh8 Kh7 37. Be5 Ne3 38. Qb1 Rxf1+ 39. Rxf1 Nxf1 40. Qxe4+ Kg8 41. Qg6+ Kf8 42. Qg7+ Ke8 43. Qf7# 1-0